000 00977nam a2200229 i 4500
001 41967
003 ES-MaACL
005 20251113180042.0
007 t|
008 030312s1958 cu ||||1| spa d
080 _a929 Boissier y Diaz, Carlos Alberto
100 1 _aCarbonell y Rivero, José Manuel.
_935072
245 1 0 _aCarlos A. Boissier y Díaz
_b: discurso leído en la recepción pública de José Manuel Carbonell y Rivero el día 24 de junio de 1958 /
_ccontesta en nombre de la Corporación José María Chacón y Calvo.
260 _aLa Habana :
_bAcademia de la Historia de Cuba,
_c1958 (
_fImp. El Siglo XX)
300 _a76 p., 1 lám. ;
_c25 cm.
500 _aPrecede al tít.: Academia de la Historia de Cuba.
600 1 4 _aBoissier y Diaz, Carlos Alberto.
_9150758
700 0 _aChacón y Calvo, José María,
_d1893-1969
_937770
710 2 _aAcademia de la Historia de Cuba.
_91183
852 _aES-MaACL
_jC-17681
_bR.45341
999 _c41967
_d41967